| 000 | 01431nam a2200313 c 4500 | ||
|---|---|---|---|
| 999 |
_c180121 _d180121 |
||
| 003 | BLK | ||
| 005 | 20221205085805.0 | ||
| 008 | 180411b bul|||||r ||||||| ||bul|| | ||
| 010 | _aKNG00188952000 | ||
| 040 | _aBLK | ||
| 041 |
_aBUL _cBUL |
||
| 080 |
_aАвстралийска литература _b821.111(94) _x-31 _z821.111(94)-31 |
||
| 100 | 1 |
_aУайт, Патрик _eпърви автор _9342105 |
|
| 139 |
_aУайт, Патрик _bУ 14 |
||
| 245 | 1 | 0 |
_aПояс от листа _bРоман _cПатрик Уайт; прев. от англ. Димитър Стефанов ; с предг. от Юлия Иванова Стефанова. |
| 257 | _aAUS | ||
| 260 |
_bХристо Г. Данов _c1981 _aПловдив |
||
| 300 |
_a432 с. _c20 см |
||
| 380 | _aX | ||
| 500 | _aОриг. загл. A fringle of leaves. - Пълното име на прев. е Димитър Стефанов Бъчваров. | ||
| 700 | 1 |
_aСтефанов, Димитър _eпрев. от англ. _gБъчваров, Димитър Стефанов _9363780 |
|
| 700 | 1 |
_aБъчваров, Димитър Стефанов _e* _9367462 |
|
| 700 | 1 |
_aСтефанова, Юлия Иванова _eс предг. от _9383698 |
|
| 852 | _aЦб 111076 | ||
| 856 | 4 |
_qpdf _i0.00 _ldisable |
|
| 856 | 4 |
_qpdf _i0.00 _ldisable |
|
| 942 |
_cKNG _n0 _s1 |
||
| 944 |
_aCR _c30.06.2016 _kМилена_Ачева |
||
| 944 |
_aED _c30.06.2016 _kМилена_Ачева |
||
| 999 | _d180121 | ||